Statistiche per Quale stato è più grande? - Quiz n°1

Clicka qui per fare il quiz!

Statistiche generali

  • Questo quiz è stato fatto 57 volte
  • Il punteggio medio è 6 su 10

Statistiche sulle risposte

DomandaRisposta% Corretto
Malta o Bulgaria?Bulgaria
100%
Repubblica del Congo o Gabon?Repubblica del Congo
92%
Regno Unito o Nepal?Regno Unito
81%
Libia o Arabia Saudita?Arabia Saudita
75%
Bhutan o Belize?Bhutan
62%
Thailandia o Germania?Thailandia
44%
Zambia o Norvegia?Zambia
44%
Tunisia o Grecia?Tunisia
42%
Belgio o Panama?Panama
38%
Colombia o Pakistan?Colombia
33%

Distribuzione punteggi

Percentile per numero di risposta

Percentuale di utenti per punteggio

I tuoi punteggi nel tempo

Non hai fatto questo quiz